000 00199nam a2200109Ia 4500
100 _aMICHENER/JAMES.A.
942 _cBK
245 _aCARRIBBEAN
260 _b#N/A
546 _aENGLISH
999 _c18413
_d18413